Statistiken für Liste der erfolgreichsten Torschützen der Fußball-Bundesliga

Klicken Sie hier um das Quiz zu spielen!

Allgemein

  • Dieses Quiz wurde 92 mal gespielt
  • Das Durchschnittsergebnis liegt bei 24 aus 55

Antwortstatistiken

ToreSpielerVerein(e)ZeitraumTorschützenkönig% Korrekt
312Robert LewandowskiFC Bayern München2010 - 2022☑️
100%
145Thomas MüllerFC Bayern MünchenSeit 2008
100%
177Dieter Müller1. FC Köln (159)
VfB Stuttgart (14)
1. FC Saarbrücken (4)
1973 - 1986☑️
99%
365Gerd MüllerFC Bayern München1965 - 1979☑️
99%
153Marco ReusBorussia Dortmund (117)
Borussia Mönchengladbach (36)
Seit 2009
85%
170Mario GómezVfB Stuttgart (78)
FC Bayern München (75)
VfL Wolfsburg (17)
2004 - 2019☑️
80%
121Miroslav KloseWerder Bremen (53)
1. FC Kaiserslautern (44)
FC Bayern München (24)
2000 - 2011☑️
76%
197Claudio PizarroWerder Bremen (109)
FC Bayern München (87)
1.FC Köln (1)
1999 - 2020
71%
144Stefan KießlingBayer 04 Leverkusen (131)
1. FC Nürnberg (13)
2002 - 2018☑️
71%
133Giovane ÉlberFC Bayern München (92)
VfB Stuttgart (41)
1994 - 2005☑️
70%
102Timo WernerRB Leipzig (89)
VfB Stuttgart (13)
Seit 2013
70%
137Uwe SeelerHamburger SV1963 - 1972☑️
68%
106AíltonWerder Bremen (88)
FC Schalke 04 (14)
Hamburger SV (3)
MSV Duisburg (1)
1998 - 2007☑️
65%
162Karl-Heinz RummeniggeFC Bayern München1974 - 1984☑️
62%
127Vedad IbiševićHertha BSC (45)
TSG 1899 Hoffenheim (43)
VfB Stuttgart (33)
Alemannia Aachen (6)
2006 - 2020
62%
110Jürgen KlinsmannVfB Stuttgart (79)
FC Bayern München (31)
1984 - 1997☑️
58%
132Rudi VöllerWerder Bremen (97)
Bayer 04 Leverkusen (26)
TSV 1860 München (9)
1980 - 1996☑️
58%
182Ulf KirstenBayer 04 Leverkusen1990 - 2003☑️
57%
106Andrej KramarićTSG 1899 HoffenheimSeit 2016
56%
220Jupp HeynckesBorussia Mönchengladbach (195)
Hannover 96 (25)
1965 - 1978☑️
56%
268Klaus FischerFC Schalke 04 (182)
1. FC Köln (31)
TSV 1860 München (28)
VFL Bochum (27)
1968 - 1988☑️
54%
121Lothar MatthäusFC Bayern München (85)
Borussia Mönchengladbach (36)
1979 - 2000
52%
177Klaus Allofs1. FC Köln (88)
Fortuna Düsseldorf (71)
Werder Bremen (18)
1975 - 1993☑️
48%
126Martin MaxTSV 1860 München (51)
FC Schalke 04 (33)
Borussia Mönchengladbach (22)
Hansa Rostock (20)
1989 - 2004☑️
47%
148Thomas Allofs1. FC Kaiserslautern (61)
Fortuna Düsseldorf (57)
1. FC Köln (30)
1978 - 1993
47%
127Dieter HoeneßFC Bayern München (102)
VfB Stuttgart (25)
1977 - 1987
44%
111Kevin KurányiFC Schalke 04 (71)
VfB Stuttgart (40)
2001 - 2016
43%
108Fredi BobicVfB Stuttgart (69)
Borussia Dortmund (17)
Hannover 96 (14)
Hertha BSC (8)
1994 - 2005☑️
41%
157Fritz WalterVfB Stuttgart (102)
SV Waldhof Mannheim (55)
1983 - 1996☑️
41%
213Manfred BurgsmüllerBorussia Dortmund (135)
Werder Bremen (34)
Rot-Weiss Essen (32)
1. FC Nürnberg (12)
1969 - 1990
39%
131Michael ZorcBorussia Dortmund1981 - 1998
38%
136Horst HrubeschHamburger SV (96)
Rot-Weiss Essen (38)
Borussia Dortmund (2)
1975 - 1985☑️
34%
179Stefan Kuntz1. FC Kaiserslautern (75)
VFL Bochum (47)
Bayer 05 Uerdingen (32)
Arminia Bielefeld (25)
1983 - 1999☑️
34%
106Stéphane ChapuisatBorussia Dortmund (102)
Bayer 05 Uerdingen (4)
1991 - 1999
34%
110Andreas MöllerBorussia Dortmund (71)
Eintracht Frankfurt (33)
FC Schalke 04 (6)
1986 - 2004
29%
115Lothar EmmerichBorussia Dortmund1963 - 1969☑️
28%
101Marco BodeWerder Bremen1989 - 2002
28%
107Uwe RahnBorussia Mönchengladbach (81)
1. FC Köln (13)
Fortuna Düsseldorf (5)
Hertha BSC (5)
Eintracht Frankfurt (3)
1980 - 1993☑️
23%
160Bernd HölzenbeinEintracht Frankfurt1967 - 1981
22%
116Pierre Littbarski1.FC Köln1978 - 1993
22%
109Jürgen GrabowskiEintracht Frankfurt1965 - 1980
20%
129Karl AllgöwerVfB Stuttgart1980 - 1991
20%
166Hannes Löhr1. FC Köln1964 - 1977☑️
19%
120Roland WohlfarthFC Bayern München (119)
MSV Duisburg (1)
1981 - 1997☑️
19%
103Bruno LabbadiaFC Bayern München (28)
1. FC Kaiserslautern (20)
Werder Bremen (18)
1.FC Köln (15)
Hamburger SV (11)
Arminia Bielefeld (11)
1987 - 2000
16%
108Klaus Toppmöller1. FC Kaiserslautern1973 - 1979
15%
141Bernd NickelEintracht Frankfurt1968 - 1983
10%
123Frank MillBorussia Mönchengladbach (71)
Borussia Dortmund (47)
Rot-Weiss Essen (3)
Fortuna Düsseldorf (2)
1976 - 1996
10%
121Herbert LaumenBorussia Mönchengladbach (97)
Werder Bremen (18)
1. FC Kaiserslautern (6)
1965 - 1974
8%
100Thomas von HessenHamburger SV (99)
Arminia Bielefeld (1)
1980 - 1997
6%
125Georg VolkertHamburger SV (62)
1. FC Nürnberg (37)
VfB Stuttgart (26)
1965 - 1981
4%
119Ronald WormMSV Duisburg (71)
Eintracht Braunschweig (48)
1972 - 1985
4%
119Bernd RuppBorussia Mönchengladbach (50)
1.FC Köln (46)
Werder Bremen (23)
1965 - 1974
3%
106Christian SchreierBayer 04 Leverkusen (63)
VfL Bochum (35)
Fortuna Düsseldorf (8)
1981 - 1992
1%
113Reiner GeyeFortuna Düsseldorf (66)
1.FC Kaiserslautern (47)
1971 - 1986
0%

Verteilung der Resultate

Perzentil nach korrekt beantworteten Fragen

Anzahl Personen mit jedem Resultat

Ihre Resultats-Entwicklung

Sie haben dieses Quiz noch nicht gespielt